Trusteeship: the Gandhian alternative (Record no. 354240)

000 -LEADER
fixed length control field 00427cam a22001337a 4500
008 - FIXED-LENGTH DATA ELEMENTS--GENERAL INFORMATION
fixed length control field 180718b1986 xxu||||| |||| 00| 0 eng d
082 ## - DEWEY DECIMAL CLASSIFICATION NUMBER
Classification number A99 G151 Se75t
245 ## - TITLE STATEMENT
Title Trusteeship: the Gandhian alternative
Statement of responsibility, etc. edited by J.D. Sethi
260 ## - PUBLICATION, DISTRIBUTION, ETC.
Place of publication, distribution, etc. New Delhi
Name of publisher, distributor, etc. Gandhi Peace Foundation
Date of publication, distribution, etc. 1986
300 ## - PHYSICAL DESCRIPTION
Extent 238p.
650 ## - SUBJECT ADDED ENTRY--TOPICAL TERM
Topical term or geographic name entry element Trusis and trustees - India
650 ## - SUBJECT ADDED ENTRY--TOPICAL TERM
Topical term or geographic name entry element Gandhi, M.K. - Criticism and interpretation
700 ## - ADDED ENTRY--PERSONAL NAME
Personal name Sethi, J.D.
Holdings
Withdrawn status Lost status Damaged status Not for loan Permanent Location Current Location Date acquired Full call number Barcode Date last seen Price effective from Koha item type
        Indian Institute of Public Administration Indian Institute of Public Administration 1993-12-08 A99 G151 Se75t 62997 2018-07-21 2018-07-21 Book

Powered by Koha